00370nam a22001217a 450000500170000000800410001704100250005808200130008310000130009624500890010930000250019865000250022320231124071848.0231124b |||||||| |||| 00| 0 eng d aEnglish / Mauritian  a341 MAU  lEnglish  aThe Mauritian International Arbitration Act 2008 : bText and Travaux Preparatoires  b286 pages ; c22 cm. aLegal practice bLaw